000 00949nam a2200301 a 4500
001 40252
003 929560
005 20211209053158.0
008 011105r20011996enka 001 0 eng d
020 _a8170299942
035 _a(BD-RjUL)40367
040 _aBD-RjUL
_beng
_cBD-RjUL
041 _aeng
082 0 _223
_a004
_bFRO 1997
100 1 _aFrench, C. S.
_9124007
245 1 0 _aOliver and Chapman's data processing and information technology /
_cC S French
250 _a10th ed.
260 _aNew Delhi
_bBPB Publication,
_c1997
300 _avii, 501 p. :
_bill. ;
_c25 cm.
500 _aOriginally published: 1996.
500 _aPrevious ed.: London : DP, 1993.
504 _aIncludes index.
650 0 _aElectronic data processing.
_9118415
650 0 _aInformation technology.
_9118865
700 1 _aOliver, E. C.
_q(E. Colin),
_d1932-
_9124008
700 1 _aChapman, R. J.
_q(Richard James),
_d1941-
_9124009
942 _2ddc
_cBK
999 _c40252
_d40252